000 00395nam a22001697a 4500
005 20180904143640.0
008 160618b xxu||||| |||| 00| 0 eng d
020 _a81-203-1137-X
041 _aeng
082 _b8087
_a658.4013
100 _aLogothetis, N
_91909
245 _aManaging for total quality
260 _bPHI
_adelhi
300 _a400p,
650 _aManagement
_9241
942 _cBK
999 _c3053
_d3052